<?xml version="1.0" encoding="UTF-8"?>
<record
    xmlns:xsi="http://www.w3.org/2001/XMLSchema-instance"
    xsi:schemaLocation="http://www.loc.gov/MARC21/slim http://www.loc.gov/standards/marcxml/schema/MARC21slim.xsd"
    xmlns="http://www.loc.gov/MARC21/slim">

  <leader>03691nam a2200445 i 4500</leader>
  <controlfield tag="001">51377</controlfield>
  <controlfield tag="003">FINmELB</controlfield>
  <controlfield tag="005">20241216232313.0</controlfield>
  <controlfield tag="006">m     o  u        </controlfield>
  <controlfield tag="007">cr cn|||||||||</controlfield>
  <controlfield tag="008">211013s2007    ag      ob    000 0 spa d</controlfield>
  <datafield tag="020" ind1=" " ind2=" ">
    <subfield code="z">9789871305247</subfield>
  </datafield>
  <datafield tag="035" ind1=" " ind2=" ">
    <subfield code="a">(OCoLC)1280138752</subfield>
  </datafield>
  <datafield tag="040" ind1=" " ind2=" ">
    <subfield code="a">FINmELB</subfield>
    <subfield code="b">spa</subfield>
    <subfield code="e">rda</subfield>
    <subfield code="c">FINmELB</subfield>
  </datafield>
  <datafield tag="050" ind1=" " ind2="4">
    <subfield code="a">CD959</subfield>
    <subfield code="b">.M378 2007</subfield>
  </datafield>
  <datafield tag="080" ind1=" " ind2=" ">
    <subfield code="a">025.171</subfield>
  </datafield>
  <datafield tag="082" ind1="0" ind2="4">
    <subfield code="a">027.1</subfield>
    <subfield code="2">23</subfield>
  </datafield>
  <datafield tag="100" ind1="1" ind2=" ">
    <subfield code="a">Mastropierro Tellechea, Mar&#xED;a del Carmen,</subfield>
    <subfield code="e">autor.</subfield>
  </datafield>
  <datafield tag="245" ind1="1" ind2="3">
    <subfield code="a">El porqu&#xE9; de los archivos privados :</subfield>
    <subfield code="b">manual de archivos privados /</subfield>
    <subfield code="c">Mar&#xED;a del Carmen Mastropierro Tellechea.</subfield>
  </datafield>
  <datafield tag="264" ind1=" " ind2="1">
    <subfield code="a">Ciudad Aut&#xF3;noma de Buenos Aires :</subfield>
    <subfield code="b">Alfagrama Ediciones,</subfield>
    <subfield code="c">2007.</subfield>
  </datafield>
  <datafield tag="300" ind1=" " ind2=" ">
    <subfield code="a">1 recurso en l&#xED;nea (230 p&#xE1;ginas)</subfield>
  </datafield>
  <datafield tag="336" ind1=" " ind2=" ">
    <subfield code="a">texto</subfield>
    <subfield code="b">txt</subfield>
    <subfield code="2">rdacontent/spa</subfield>
  </datafield>
  <datafield tag="337" ind1=" " ind2=" ">
    <subfield code="a">computadora</subfield>
    <subfield code="b">c</subfield>
    <subfield code="2">rdamedia/spa</subfield>
  </datafield>
  <datafield tag="338" ind1=" " ind2=" ">
    <subfield code="a">recurso en l&#xED;nea</subfield>
    <subfield code="b">cr</subfield>
    <subfield code="2">rdacarrier/spa</subfield>
  </datafield>
  <datafield tag="490" ind1="1" ind2=" ">
    <subfield code="a">Biblioteca Alfagrama</subfield>
  </datafield>
  <datafield tag="504" ind1=" " ind2=" ">
    <subfield code="a">Incluye referencias bibliogr&#xE1;ficas.</subfield>
  </datafield>
  <datafield tag="520" ind1=" " ind2=" ">
    <subfield code="a">Mar&#xED;a del Carmen Mastropierro se ocupa de la compleja tem&#xE1;tica relacionada con los fondos archiv&#xED;sticos de sujetos privados, a los documentos relativos, a su utilizaci&#xF3;n con fines administrativos, jur&#xED;dicos y de investigaci&#xF3;n hist&#xF3;rica. No es raro para quien trabaja con archivos escuchar preguntas del tipo: qu&#xE9; son los archivos, para qu&#xE9; sirven, d&#xF3;nde se encuentran y c&#xF3;mo se puede recurrir a ellos, y si bien es muy sencillo dar respuesta con respecto a los archivos p&#xFA;blicos, para los archivos privados resulta mucho m&#xE1;s dif&#xED;cil. La autora encara las problem&#xE1;ticas fundamentales relativas al concepto de archivo privado, queriendo precisar, desde el punto de vista conceptual y jur&#xED;dico, la diferencia entre archivo privado y archivo p&#xFA;blico, haciendo resaltar los elementos constitutivos para proponer una completa y exhaustiva definici&#xF3;n de los mismos. Una ulterior tem&#xE1;tica encarada es aquella relacionada con las distintas tipolog&#xED;as de los archivos privados, condicionadas por las calidades, caracter&#xED;sticas y finalidades del ente productor; de hecho hay una sustancial diferencia entre un archivo producido por un ente privado (asociaci&#xF3;n, sociedad, etc.) y el archivo producido por una familia o por una persona f&#xED;sica. M&#xE1;s adelante, la autora dedica un espacio especial al archivo privado como objeto de estudio presentando la documentaci&#xF3;n privada en varios aspectos: jur&#xED;dico, filos&#xF3;fico y social. Por lo tanto analiza las distintas razones y motivaciones por las cuales un archivo privado es &#x201C;creado&#x201D;, para pasar luego al an&#xE1;lisis de las tipolog&#xED;as en particular: los archivos personales, los archivos de familia y los archivos de entes privados. El archivo personal nace como necesidad del individuo de conservar testimonios escritos de su actividad, de sus intereses, de las relaciones y de las relaciones mantenidas en los ambientes m&#xE1;s diversificados en el curso de su existencia, archivo condicionado, como ejemplifica la autora.</subfield>
  </datafield>
  <datafield tag="588" ind1=" " ind2=" ">
    <subfield code="a">Descripci&#xF3;n basada en metadatos suministrados por el editor y otras fuentes.</subfield>
  </datafield>
  <datafield tag="590" ind1=" " ind2=" ">
    <subfield code="a">Recurso electr&#xF3;nico. Santa Fe, Arg.: elibro, 2021. Disponible v&#xED;a World Wide Web. El acceso puede estar limitado para las bibliotecas afiliadas a elibro.</subfield>
  </datafield>
  <datafield tag="650" ind1=" " ind2="0">
    <subfield code="a">Archives</subfield>
    <subfield code="x">Handbooks, manuals, etc.</subfield>
  </datafield>
  <datafield tag="650" ind1=" " ind2="4">
    <subfield code="a">Archivos privados.</subfield>
  </datafield>
  <datafield tag="650" ind1=" " ind2="4">
    <subfield code="a">Archiv&#xED;stica.</subfield>
  </datafield>
  <datafield tag="655" ind1=" " ind2="4">
    <subfield code="a">Libros electr&#xF3;nicos.</subfield>
  </datafield>
  <datafield tag="797" ind1="2" ind2=" ">
    <subfield code="a">elibro, Corp.</subfield>
  </datafield>
  <datafield tag="830" ind1=" " ind2="0">
    <subfield code="a">Biblioteca Alfagrama.</subfield>
  </datafield>
  <datafield tag="856" ind1="4" ind2="0">
    <subfield code="u">https://elibro.net/ereader/politecnicointernacional/188001</subfield>
  </datafield>
  <datafield tag="999" ind1=" " ind2=" ">
    <subfield code="c">51377</subfield>
    <subfield code="d">51377</subfield>
  </datafield>
</record>
